| 000 -LEADER |
| fixed length control field |
01819nam a2200265Ia 4500 |
| 001 - CONTROL NUMBER |
| control field |
17506 |
| 003 - CONTROL NUMBER IDENTIFIER |
| control field |
GE_BSU |
| 005 - DATE AND TIME OF LATEST TRANSACTION |
| control field |
20200213145235.0 |
| 008 - FIXED-LENGTH DATA ELEMENTS--GENERAL INFORMATION |
| fixed length control field |
181216s2015ru xx |||||||||||||| ||rus|| |
| 020 ## - INTERNATIONAL STANDARD BOOK NUMBER |
| International Standard Book Number |
978-5-86547-372-5 |
| 040 ## - CATALOGING SOURCE |
| Transcribing agency |
GE_BSU |
| 080 ## - UNIVERSAL DECIMAL CLASSIFICATION NUMBER |
| Universal Decimal Classification number |
811.161.1 Э-84 |
| 100 ## - MAIN ENTRY--PERSONAL NAME |
| Personal name |
Эсмантова, Татьяна. |
| 9 (RLIN) |
7072 |
| 245 ## - TITLE STATEMENT |
| Title |
Русский язык : 5 элементов. Уровень-B1 : |
| Remainder of title |
Уровень B1 (базовый - первый сертификационный) / |
| Statement of responsibility, etc. |
Татьяна Эсмантова ; Ред . И.В.Евстратова. |
| 250 ## - EDITION STATEMENT |
| Edition statement |
2-е издание |
| 264 ## - PRODUCTION, PUBLICATION, DISTRIBUTION, MANUFACTURE, AND COPYRIGHT NOTICE |
| Place of production, publication, distribution, manufacture |
Санкт-Петербург : |
| Name of producer, publisher, distributor, manufacturer |
Златоуст, |
| Date of production, publication, distribution, manufacture, or copyright notice |
2015. |
| 300 ## - PHYSICAL DESCRIPTION |
| Extent |
340 стр.: |
| Other physical details |
ил, |
| Dimensions |
27см. |
| 300 ## - PHYSICAL DESCRIPTION |
| Other physical details |
+CD/MP3 формат |
| 653 ## - INDEX TERM--UNCONTROLLED |
| keyword |
и разноуровневых группах и представляет материал в соответствии с требованиями «Общеевропейских компетенций владения иностранным языком» |
| 653 ## - INDEX TERM--UNCONTROLLED |
| keyword |
Настоящий комплекс "Пять элементов" представляет собой первое учебное издание по русскому языку как иностранному, организованное по модульному принципу — с нуля до уровня, близкого к первому сертификационному. Рекомендуется, прежде всего, для интенсивного курса в учебных группах открытого типа и раз |
| 653 ## - INDEX TERM--UNCONTROLLED |
| keyword |
Русский язык. 5 элементов |
| 653 ## - INDEX TERM--UNCONTROLLED |
| keyword |
რუსული ენა |
| 700 ## - ADDED ENTRY--PERSONAL NAME |
| Personal name |
Евстратова, И.В |
| Relator term |
რედაქტორი |
| 9 (RLIN) |
7062 |
| 942 ## - ADDED ENTRY ELEMENTS (KOHA) |
| Koha item type |
წიგნი |
| Source of classification or shelving scheme |
|